[Event "Tarragona Province-ch"]
[Site "Tarragona"]
[Date "2015.10.11"]
[Round "3"]
[White "Mestieri Farre, Xavier"]
[Black "Baixauli Cullare, Julio"]
[Result "0-1"]
[WhiteElo "2079"]
[BlackElo "2150"]
[PlyCount "94"]
[EventDate "2015.09.27"]
[EventType "swiss"]
[EventRounds "9"]
[EventCountry "ESP"]
[SourceTitle "EXT 2017"]
[Source "ChessBase"]
[SourceDate "2016.10.25"]
[SourceVersion "1"]
[SourceVersionDate "2016.10.25"]
[SourceQuality "1"]

1. d4 g6 2. Nf3 Bg7 3. Bf4 d6 4. h3 c5 5. c3 cxd4 6. cxd4 Nf6 7. e3 0-0 8. Nc3 Qa5 9. Nd2 Nd5 10. Nxd5 Qxd5 11. Qb3 Qa5 12. Qb5 Qxb5 13. Bxb5 Bd7 14. Bxd7 Nxd7 15. Ke2 Rfc8 16. Rac1 Nb6 17. b3 Nd5 18. Bg3 Nc3+ 19. Kd3 Nxa2 20. Rxc8+ Rxc8 21. Ra1 Nb4+ 22. Ke4 a6 23. Ra4 f5+ 24. Kf3 Nd5 25. Ra5 Nc3 26. Bh4 Kf7 27. Nc4 Nb5 28. Nb6 Rc6 29. Nc4 d5 30. Na3 Nc3 31. Rc5 e5 32. Rxc6 bxc6 33. dxe5 Bxe5 34. Nc2 c5 35. Bd8 Ke6 36. Bb6 Bd6 37. g4 fxg4+ 38. hxg4 Ne4 39. Ke2 h5 40. gxh5 gxh5 41. f3 Ng5 42. Bd8 Nf7 43. Bh4 Ne5 44. f4 Nc6 45. Kd3 Be7 46. Bg3 a5 47. Bh2 Bf6 0-1

[Event "Tarragona-ch"]
[Site "Tarragona"]
[Date "2003.??.??"]
[Round "3"]
[White "Gisbert Caballe, Xavier"]
[Black "Mestieri Farre, Xavier"]
[Result "0-1"]
[WhiteElo "1980"]
[BlackElo "2000"]
[PlyCount "92"]
[EventDate "2003.??.??"]
[EventType "swiss"]
[EventRounds "9"]
[EventCountry "ESP"]
[SourceTitle "EXT 2007"]
[Source "ChessBase"]
[SourceDate "2006.11.23"]
[SourceVersion "1"]
[SourceVersionDate "2006.11.23"]
[SourceQuality "1"]

1. c4 e6 2. g3 d5 3. cxd5 exd5 4. Bg2 Nf6 5. Nf3 c6 6. 0-0 Bd6 7. d3 0-0 8. Bg5 h6 9. Be3 Nbd7 10. h3 Re8 11. Re1 Bxg3 12. Bxa7 Rxa7 13. fxg3 Qb6+ 14. d4 Qxb2 15. Qd2 Qxd2 16. Nbxd2 Ne4 17. Nxe4 dxe4 18. Nd2 Nf6 19. e3 b5 20. Rec1 Bd7 21. Nb3 Be6 22. Nc5 Bd5 23. Rc2 Ra3 24. Kf2 Rea8 25. Ke2 b4 26. Rb1 Rxa2 27. Rcb2 Bc4+ 28. Kd2 b3 29. Nxe4 Rxb2+ 30. Rxb2 Ra2 31. Kc1 Ra1+ 32. Kd2 Nd5 33. Nc5 Ra2 34. Kc1 Nxe3 35. Bxc6 Nd1 36. Rxb3 Bxb3 37. Nxb3 Ne3 38. Be4 Nc4 39. Nc5 Nd6 40. Bc2 Ra3 41. Bb3 Nf5 42. d5 Ra5 43. Ne4 Rb5 44. Kb2 Nd4 45. Kc3 Nxb3 46. Kc4 Rb6 0-1

[Event "Tarragona-ch"]
[Site "Tarragona"]
[Date "2003.??.??"]
[Round "9"]
[White "Mestieri Farre, Xavier"]
[Black "Balada Reverte, Marc"]
[Result "1-0"]
[WhiteElo "2000"]
[BlackElo "2010"]
[PlyCount "63"]
[EventDate "2003.??.??"]
[EventType "swiss"]
[EventRounds "9"]
[EventCountry "ESP"]
[SourceTitle "EXT 2007"]
[Source "ChessBase"]
[SourceDate "2006.11.23"]
[SourceVersion "1"]
[SourceVersionDate "2006.11.23"]
[SourceQuality "1"]

1. d4 d5 2. Nf3 Bf5 3. c4 e6 4. Nc3 Nf6 5. Bg5 c6 6. Qb3 Qc7 7. Bxf6 gxf6 8. cxd5 exd5 9. g3 Nd7 10. Bg2 Nb6 11. 0-0 Bd6 12. Rfc1 h5 13. Nb5 Qd7 14. Nxd6+ Qxd6 15. Nh4 Be6 16. a4 Qd7 17. Qf3 Qe7 18. Qd3 Nc4 19. b3 Nd6 20. b4 Qd7 21. Rab1 a6 22. Re1 Kf8 23. Qc3 Nf5 24. Nxf5 Bxf5 25. e4 dxe4 26. Bxe4 Be6 27. d5 cxd5 28. Qxf6 Kg8 29. Rbd1 Qxa4 30. Bxd5 Bxd5 31. Rxd5 Rh7 32. Rg5+ 1-0

[Event "Tarragona-ch"]
[Site "Tarragona"]
[Date "2003.??.??"]
[Round "2"]
[White "Mestieri Farre, Xavier"]
[Black "Perez Pacheco, Ventura"]
[Result "1/2-1/2"]
[WhiteElo "2000"]
[BlackElo "2005"]
[PlyCount "44"]
[EventDate "2003.??.??"]
[EventType "swiss"]
[EventRounds "9"]
[EventCountry "ESP"]
[SourceTitle "EXT 2007"]
[Source "ChessBase"]
[SourceDate "2006.11.23"]
[SourceVersion "1"]
[SourceVersionDate "2006.11.23"]
[SourceQuality "1"]

1. d4 d5 2. Nf3 Nf6 3. c4 c6 4. Nc3 dxc4 5. a4 Bf5 6. e3 e6 7. Bxc4 Bb4 8. Bd2 0-0 9. 0-0 Nbd7 10. Ne4 Bxd2 11. Nexd2 c5 12. h3 h6 13. Qe2 Rc8 14. Rfd1 Qb6 15. b3 Bh7 16. a5 Qc7 17. Bd3 Bxd3 18. Qxd3 Rfd8 19. Rdc1 Qb8 20. Qe2 cxd4 21. Nxd4 a6 22. Nc4 e5 1/2-1/2